Analiza jakości powierzchni po procesie toczenia a następnie nagniatania z uwzględnieniem odchyłek zarysu nierówności / (Rekord nr 8179)
| 000 -ETYKIETA REKORDU | |
|---|---|
| podpole kontrolne o stałej długości | 01052nab a22002537i 4500 |
| 003 - IDENTYFIKATOR NUMERU KONTROLNEGO REKORDU | |
| podpole kontrolne | KOSZ 005 |
| 005 - DATA OSTATNIEJ MODYFIKACJI REKORDU | |
| podpole kontrolne | 20170410094525.0 |
| 008 - POLE O STAŁEJ DŁUGOŚCI - DANE KONTROLNE | |
| podpole kontrolne o stałej długości | 160308s2012 pl ||||| ||||0|| ||pol |
| 035 ## - NUMER SYSTEMOWY | |
| Numer systemowy przejętego rekordu | PBN-R:313928 |
| 040 ## - ŹRÓDŁO KATALOGOWANIA | |
| Instytucja, która utworzyła rekord | KOSZ 005/md |
| Instytucja, która sporządziła opis | PBN-ID |
| 041 0# - KOD JĘZYKA | |
| Kod języka tekstu | pol |
| 100 ## - NAZWA OSOBOWA | |
| Nazwa osobowa | KUŁAKOWSKA, Agnieszka. |
| Lata pracy | 2006 - . |
| Instytucja | Politechnika Koszalińska - Wydział Mechaniczny, |
| Wydział | Katedra Mechaniki Technicznej i Wytrzymałości Materiałów |
| 245 10 - TYTUŁ/ODPOWIEDZIALNOŚĆ | |
| Tytuł | Analiza jakości powierzchni po procesie toczenia a następnie nagniatania z uwzględnieniem odchyłek zarysu nierówności / |
| Pozostałe elementy strefy tytułu i oznaczenia odpowiedzialności | Agnieszka Kułakowska. |
| 260 ## - STREFA ADRESU WYDAWNICZEGO | |
| Data publikacji, dystrybucji/powstania dokumentu | 2012. |
| 650 #0 - HASŁO PRZEDMIOTOWE W FORMIE NAZWY OGÓLNEJ LUB JEDNOSTKOWEJ | |
| Nazwa ogólna lub geograficzna | Ekonomia. |
| 650 #0 - HASŁO PRZEDMIOTOWE W FORMIE NAZWY OGÓLNEJ LUB JEDNOSTKOWEJ | |
| Nazwa ogólna lub geograficzna | Transport. |
| 650 #0 - HASŁO PRZEDMIOTOWE W FORMIE NAZWY OGÓLNEJ LUB JEDNOSTKOWEJ | |
| Nazwa ogólna lub geograficzna | Economics. |
| 650 #0 - HASŁO PRZEDMIOTOWE W FORMIE NAZWY OGÓLNEJ LUB JEDNOSTKOWEJ | |
| Nazwa ogólna lub geograficzna | Budowa i eksploatacja maszyn. |
| 650 #0 - HASŁO PRZEDMIOTOWE W FORMIE NAZWY OGÓLNEJ LUB JEDNOSTKOWEJ | |
| Nazwa ogólna lub geograficzna | Machinery construction and operation. |
| 650 #0 - HASŁO PRZEDMIOTOWE W FORMIE NAZWY OGÓLNEJ LUB JEDNOSTKOWEJ | |
| Nazwa ogólna lub geograficzna | Original article. |
| 650 #0 - HASŁO PRZEDMIOTOWE W FORMIE NAZWY OGÓLNEJ LUB JEDNOSTKOWEJ | |
| Nazwa ogólna lub geograficzna | Oryginalny artykuł naukowy. |
| 773 08 - TYTUŁ DOKUMENTU MACIERZYSTEGO | |
| Wyrażenie wprowadzające | W : |
| Tytuł | TTS Technika Transportu Szynowego. - |
| ISSN | 1232-3829 |
| Adres wydawniczy | Instytut Naukowo-Wydawniczy "TTS" |
| Informacje dotyczące relacji | 2012, nr 9, s. 3807-3816 |
| 942 ## - HASŁO DODATKOWE - ELEMENTY(KOHA) | |
| Typ dokumentu | Artykuł |
| Schemat klasyfikacji | Uniwersalna klasyfikacja dziesiętna |
Brak dostępnych egzemplarzy.
